Advanced Organic Chemistry: (Record no. 194260)

MARC details
000 -LEADER
fixed length control field 00826nam a22002057a 4500
005 - DATE AND TIME OF LATEST TRANSACTION
control field 20230127100945.0
010 ## - LCCN (DPL NO)
LC control number B-746600-601 E.N.A./7.11.22
020 ## - INTERNATIONAL STANDARD BOOK NUMBER
International Standard Book Number 9789355010049
Terms of availability 1575.00
035 ## - SYSTEM CONTROL NUMBER
System control number B-746600-601
037 ## - SOURCE OF ACQUISITION
Source of stock number/acquisition Aakar
082 ## - DEWEY DECIMAL CLASSIFICATION NUMBER
Classification number 547
100 ## - MAIN ENTRY--PERSONAL NAME
Personal name Bahl, Arun
245 ## - TITLE STATEMENT
Title Advanced Organic Chemistry:
Remainder of title Sixth Edition/
Statement of responsibility, etc Arun Bahl and B S Bahl
260 ## - PUBLICATION, DISTRIBUTION, ETC. (IMPRINT)
Place of publication, distribution, etc New Delhi
Name of publisher, distributor, etc S. Chand and Company LTD
Date of publication, distribution, etc 2022
270 ## - ADDRESS
Address Block B-1, House No. D-1, Ground Floor, Mohan Co-operative Industrial Estate,
City New Delhi
Postal code 110044
300 ## - PHYSICAL DESCRIPTION
Extent xii,1483p.
Dimensions 25cm(hbk)
700 ## - ADDED ENTRY--PERSONAL NAME
Personal name Bahl, B S
942 ## - ADDED ENTRY ELEMENTS (KOHA)
Source of classification or shelving scheme Dewey Decimal Classification
Item type English Books
Call number suffix BAH
Classification part 547
Holdings
Withdrawn status Lost status Not for loan Collection code Home library Current library Date acquired Source of acquisition Cost, normal purchase price Full call number Barcode Copy number Cost, replacement price Koha item type
      Non-fiction Central Library Central Library 27/01/2023 Aakar Books/I-2244/28.11.22/142/23.11.22/2.12.22 1575.00 547 BAH B-746600 1 1575.00 English Books
      Non-fiction Sarojini Nagar Sarojini Nagar 27/01/2023 Aakar Books/I-2244/28.11.22/142/23.11.22/2.12.22 1575.00 547 BAH B-746601 1 1575.00 English Books

© Delhi Public Library
Hit Counter
free hit counter